[Event "Ivrea Eporediese op 24th"]
[Site "Ivrea"]
[Date "2007.02.08"]
[Round "4"]
[White "Demit, Andrei"]
[Black "Trotto, Pierangelo"]
[Result "0-1"]
[WhiteElo "1416"]
[BlackElo "1885"]
[PlyCount "101"]
[EventDate "2007.01.18"]
[EventType "swiss"]
[EventRounds "9"]
[EventCountry "ITA"]
[SourceTitle "EXT 2010"]
[Source "ChessBase"]
[SourceDate "2010.11.25"]
[SourceVersion "1"]
[SourceVersionDate "2010.11.25"]
[SourceQuality "1"]

1. e4 c5 2. Nf3 d6 3. d4 cxd4 4. Nxd4 Nf6 5. Nc3 a6 6. f3 e5 7. Nde2 Be6 8. Ng3 Nc6 9. Be2 Rc8 10. Nf1 d5 11. Bg5 d4 12. Nb1 Nb4 13. c3 dxc3 14. Nxc3 Qxd1+ 15. Bxd1 Nd3+ 16. Ke2 Nxb2 17. Na4 Nxa4 18. Bxa4+ b5 19. Bb3 Bc4+ 20. Bxc4 Rxc4 21. Ne3 Rb4 22. Rhc1 Rb2+ 23. Kf1 h6 24. Bxf6 gxf6 25. Nd5 Kd7 26. Nxf6+ Ke6 27. Rc6+ Bd6 28. Rxa6 Kxf6 29. Rxd6+ Kg5 30. Rd5 f6 31. a3 Rc8 32. Rd7 Kg6 33. Rad1 Rcc2 34. Rb7 Rf2+ 35. Kg1 Rxg2+ 36. Kf1 Rbf2+ 37. Ke1 Rxf3 38. Rd2 Rxd2 39. Kxd2 Rxa3 40. Rxb5 Ra2+ 41. Ke3 Rxh2 42. Kf3 Rh3+ 43. Kg4 Re3 44. Rb4 h5+ 45. Kh4 Re1 46. Kg3 Kg5 47. Kf3 h4 48. Rb7 Rf1+ 49. Kg2 Rf4 50. Rg7+ Kh6 51. Rg8 0-1